[Event "Asian Zonal 3.2 2019"]
[Site "Dhaka"]
[Date "2019.03.23"]
[Round "9.7"]
[White "Shrestha, Keshav"]
[Black "Abu Sufian, Shakil"]
[Result "1/2-1/2"]
[WhiteElo "2044"]
[BlackElo "2254"]
[Annotator "ChessBase"]
[PlyCount "69"]
[EventDate "2019.03.14"]
[EventType "swiss"]
[EventCountry "BAN"]
[SourceTitle "playchess.com"]
[Source "ChessBase"]
[SourceQuality "1"]
[TimeControl "5400+30"]

1. e4 {[%emt 1:30:30]} c6 {[%emt 1:30:30]} 2. d4 {[%emt 0:00:30]} d5 {[%emt 0:00:30]} 3. exd5 {[%emt 0:00:30]} cxd5 {[%emt 0:00:30]} 4. Bd3 {[%emt 0:00:30]} Nc6 {[%emt 0:00:30]} 5. c3 {[%emt 0:00:30]} Qc7 {[%emt 0:00:30]} 6. Ne2 {[%emt 0:00:30]} Bg4 {[%emt 0:00:30]} 7. f3 {[%emt 0:00:30]} Bd7 {[%emt 0:00:30]} 8. Na3 {[%emt 0:00:30]} a6 {[%emt 0:00:30]} 9. Nc2 {[%emt 0:00:30]} e5 {[%emt 0:00:30]} 10. dxe5 {[%emt 0:00:30]} Nxe5 {[%emt 0:00:30]} 11. Ncd4 {[%emt 0:00:30]} Nxd3+ {[%emt 0:00:30]} 12. Qxd3 {[%emt 0:00:30]} Bd6 {[%emt 0:00:30]} 13. g3 {[%emt 0:00:30]} Qc4 {[%emt 0:00:30]} 14. Qxc4 {[%emt 0:00:30]} dxc4 {[%emt 0:00:30]} 15. Bf4 {[%emt 0:00:30]} Bc5 {[%emt 0:00:30]} 16. O-O-O {[%emt 0:00:30]} Ne7 {[%emt 0:00:30]} 17. Rhe1 {[%emt 0:00:30]} O-O-O {[%emt 0:00:30]} 18. Nc2 {[%emt 0:00:30]} Ba4 {[%emt 0:00:30]} 19. Ned4 {[%emt 0:00:30]} Ng6 {[%emt 0:00:30]} 20. Re4 {[%emt 0:00:30]} Rhe8 {[%emt 0:00:30]} 21. Rde1 {[%emt 0:00:30]} Rxe4 {[%emt 0:00:30]} 22. Rxe4 {[%emt 0:00:30]} Bd7 {[%emt 0:00:30]} 23. Bd2 {[%emt 0:00:30]} Re8 {[%emt 0:00:30]} 24. Rxe8+ Bxe8 25. Nf5 {[%emt 0:01:00]} Ne5 {[%emt 0:01:00]} 26. Nxg7 {[%emt 0:00:30]} Bc6 {[%emt 0:00:30]} 27. Ne1 {[%emt 0:00:30]} Nxf3 {[%emt 0:00:30]} 28. Nxf3 {[%emt 0:00:30]} Bxf3 {[%emt 0:00:30]} 29. Nf5 {[%emt 0:00:30]} Kd7 {[%emt 0:00:30]} 30. Be3 {[%emt 0:00:30]} Bf8 {[%emt 0:00:30]} 31. Kd2 {[%emt 0:00:30]} Bg4 {[%emt 0:00:30]} 32. Bh6 {[%emt 0:00:30]} Bc5 {[%emt 0:00:30]} 33. Be3 {[%emt 0:00:30]} Bf8 {[%emt 0:00:30]} 34. Bh6 {[%emt 0:00:30]} Bc5 {[%emt 0:00:30]} 35. Be3 {[%emt 0:00:30]} 1/2-1/2

[Event "Asian Zonal 3.2 2019"]
[Site "Dhaka"]
[Date "2019.03.23"]
[Round "9.8"]
[White "Chowdhury, Sohel"]
[Black "S M Sharon"]
[Result "1-0"]
[WhiteElo "1975"]
[BlackElo "2106"]
[Annotator "TA"]
[PlyCount "79"]
[EventDate "2019.03.14"]
[EventType "swiss"]
[EventCountry "BAN"]
[SourceTitle "playchess.com"]
[Source "ChessBase"]
[SourceQuality "1"]

{[%evp 9,79,6,17,7,1,-4,7,-2,18,8,13,0,11,0,0,0,61,50,70,53,90,65,55,19,12,17,62,62,58,52,54,63,54,72,69,66,79,22,67,67,63,52,71,67,870,868,971,973,944,917,1199,1203,1239,1255,1211,1168,5147,4878,29983,29984,29983,29975,29992,29993,29994,29993,29994,29995,29996,29997,29998,29999]} 1. e4 d6 2. Nc3 g6 3. d3 Bg7 4. g3 e5 5. Bg2 Ne7 6. Be3 {C25: Vienna Game: Alternatives to 2...Nf6} (6. f4 c5 7. Nf3 Nbc6 8. h3 Rb8 9. a4 a6 10. O-O b5 11. axb5 axb5 12. Nd5 O-O 13. Nxe7+ Nxe7 14. c3 b4 15. fxe5 bxc3 16. bxc3 dxe5 {1-0 (88) Jones,G (2575)-Hebden,M (2560) Halifax 2010}) 6... O-O 7. Qd2 Nbc6 8. Bh6 {The position is equal.} Nd4 {aiming for ...Bxh6.} 9. Bxg7 Kxg7 10. Nd1 c5 $146 ({Predecessor:} 10... f5 11. c3 Ne6 12. exf5 Nxf5 13. Ne3 c6 {½-½ (29) Van Eeghen,P (1786)-Galje,H (2094) Bussum 2013}) 11. c3 Ndc6 12. Ne3 b5 (12... f5 $11) 13. Ne2 Bd7 14. O-O Qb6 15. Rad1 Be6 16. d4 cxd4 17. cxd4 {Hoping for d5.} Bxa2 18. d5 $1 {[%cal Rd5c6]} Nd4 $1 19. Nxd4 exd4 20. Qxd4+ Qxd4 21. Rxd4 a5 22. f4 f6 23. Rd2 (23. Ra1 $16 Bb3 24. Bf1) 23... a4 24. Nc2 Bc4 25. Re1 Rfd8 26. Nd4 {Strongly threatening Ne6+.} Ra6 $2 {[%mdl 8192]} (26... Kf7 $14) 27. Ne6+ $18 {[%mdl 64] [#] Double Attack} Kg8 28. Nxd8 Nc8 29. Nc6 Nb6 30. e5 fxe5 31. fxe5 dxe5 32. Nxe5 Nc8 33. Nxc4 bxc4 34. Re8+ {[%mdl 64] [#] Double Attack. White mates.} Kf7 35. Rxc8 Kf6 36. d6 c3 37. Rxc3 Ke5 38. d7 h5 39. d8=Q a3 40. Re3+ {Accuracy: White = 40%, Black = 18%.} 1-0